000 00428cam a2200157ua 4500
041 _aeng
_h
082 _a370.15
_bELL/ED
100 _aEllis, Robert S .
245 _aEducational psychology : A problem approach /
_cRobert S Ellis.
_hTextual Documents
250 _a1 /
_b.
260 _aNew Delhi :
_bAffiliated East West Press Pvt Ltd ,
_c1956.
300 _a546 ; .
504 _a
942 _cBK
999 _c11441
_d11441